Geography / (Record no. 74784)

MARC details
000 -LEADER
fixed length control field 00818nam a22002537a 4500
005 - DATE AND TIME OF LATEST TRANSACTION
control field 20140814155940.0
010 ## - LCCN (DPL NO)
LC control number B-497131-146 ENG-110404
020 ## - INTERNATIONAL STANDARD BOOK NUMBER
International Standard Book Number 9788179304587
Terms of availability 625.00
020 ## - INTERNATIONAL STANDARD BOOK NUMBER
International Standard Book Number 8179304582
Terms of availability 625.00
035 ## - SYSTEM CONTROL NUMBER
System control number B-497131-146
035 ## - SYSTEM CONTROL NUMBER
System control number EN-93936
037 ## - SOURCE OF ACQUISITION
Source of stock number/acquisition UBH/Ven
037 ## - SOURCE OF ACQUISITION
Source of stock number/acquisition DBAD/PUB
082 ## - DEWEY DECIMAL CLASSIFICATION NUMBER
Classification number 910
100 ## - MAIN ENTRY--PERSONAL NAME
Personal name Ahir, Rajiv
245 ## - TITLE STATEMENT
Title Geography /
Statement of responsibility, etc by Rajiv Ahir ; edited by Kalpana Rajaram
250 ## - EDITION STATEMENT
Edition statement 16th ed
260 ## - PUBLICATION, DISTRIBUTION, ETC. (IMPRINT)
Place of publication, distribution, etc New Delhi
Name of publisher, distributor, etc Spectrum Books
Date of publication, distribution, etc 2012
270 ## - ADDRESS
Address 102-103, 1st Flr, TC Jaina Tower-III, Janak Puri
City New Delhi
Postal code 110058
300 ## - PHYSICAL DESCRIPTION
Extent xv,1055p. :
Other physical details ill.,maps
Dimensions 25cm(pbk)
700 ## - ADDED ENTRY--PERSONAL NAME
Personal name Kalpana Rajaram
942 ## - ADDED ENTRY ELEMENTS (KOHA)
Source of classification or shelving scheme Dewey Decimal Classification
Item type English Books
Call number suffix AHI
Classification part 910
Holdings
Withdrawn status Lost status Not for loan Collection code Home library Current library Date acquired Source of acquisition Cost, normal purchase price Full call number Barcode Copy number Cost, replacement price Koha item type
      Non-fiction Bawana Bawana 29/05/2013 UBH/272/11.03.2013/180/08.03.2013/15.03.2013 625.00 910 AHI B-497143 1 625.00 English Books
  Written-off vide DLB M. No. 383 dt 16.05.19   Non-fiction Central Jail Tihar Central Jail Tihar 29/05/2013 UBH/272/11.03.2013/180/08.03.2013/15.03.2013 625.00 910 AHI B-497138 1 625.00 English Books
      Non-fiction Central Library Central Library 29/05/2013 UBH/272/11.03.2013/180/08.03.2013/15.03.2013 625.00 910 AHI B-497131 1 625.00 English Books
    Not For Loan Non-fiction D.B.Act.Division D.B.Act.Division 04/07/2014 DBAD/PUB 625.00 910 AHI EN-93936 1 625.00 English Books
      Non-fiction Diz Area Diz Area 29/05/2013 UBH/272/11.03.2013/180/08.03.2013/15.03.2013 625.00 910 AHI B-497139 1 625.00 English Books
      Non-fiction Janak Puri Janak Puri 29/05/2013 UBH/272/11.03.2013/180/08.03.2013/15.03.2013 625.00 910 AHI B-497140 1 625.00 English Books
      Non-fiction Kasturba Gandhi Marg Kasturba Gandhi Marg 29/05/2013 UBH/272/11.03.2013/180/08.03.2013/15.03.2013 625.00 910 AHI B-497135 1 625.00 English Books
      Non-fiction Mobile Library Mobile Library 29/05/2013 UBH/272/11.03.2013/180/08.03.2013/15.03.2013 625.00 910 AHI B-497132 2 625.00 English Books
      Non-fiction Mobile Library Mobile Library 29/05/2013 UBH/272/11.03.2013/180/08.03.2013/15.03.2013 625.00 910 AHI B-497133 2 625.00 English Books
      Non-fiction Narela Narela 29/05/2013 UBH/272/11.03.2013/180/08.03.2013/15.03.2013 625.00 910 AHI B-497144 1 625.00 English Books
      Non-fiction Patel Nagar Patel Nagar 29/05/2013 UBH/272/11.03.2013/180/08.03.2013/15.03.2013 625.00 910 AHI B-497134 1 625.00 English Books
      Non-fiction Patel Nagar Patel Nagar 29/05/2013 UBH/272/11.03.2013/180/08.03.2013/15.03.2013 625.00 910 AHI B-497146 1 625.00 English Books
      Non-fiction Peshwa Road Peshwa Road 29/05/2013 UBH/272/11.03.2013/180/08.03.2013/15.03.2013 625.00 910 AHI B-497136 1 625.00 English Books
      Non-fiction Sarojini Nagar Sarojini Nagar 29/05/2013 UBH/272/11.03.2013/180/08.03.2013/15.03.2013 625.00 910 AHI B-497141 2 625.00 English Books
      Non-fiction Sarojini Nagar Sarojini Nagar 29/05/2013 UBH/272/11.03.2013/180/08.03.2013/15.03.2013 625.00 910 AHI B-497142 1 625.00 English Books
  Written-off vide DLB M. No. 383 dt 16.05.19   Non-fiction Shahdara Branch Shahdara Branch 29/05/2013 UBH/272/11.03.2013/180/08.03.2013/15.03.2013 625.00 910 AHI B-497145 1 625.00 English Books
      Non-fiction Tri Nagar Tri Nagar 29/05/2013 UBH/272/11.03.2013/180/08.03.2013/15.03.2013 625.00 910 AHI B-497137 1 625.00 English Books

© Delhi Public Library
Hit Counter
free hit counter